Co to za Flaga #3 - Statystyki

Ogólne statystyki
  • Ten quiz został rozwiązany 26 razy
  • Średni wynik to 17 z 20
Statystyki odpowiedzi
Obrazkowy Odpowiedź % Poprawnych
Chile
100%
Chiny
100%
Albania
95%
Francja
95%
Grecja
95%
Holandia
95%
Maroko
95%
Arabia Saudyjska
91%
Kolumbia
91%
RPA
91%
Tunezja
91%
Wenezuela
91%
Kostaryka
86%
Kenia
82%
Wietnam
82%
Haiti
73%
Honduras
73%
Libia
64%
Demokratyczna Republika Konga
59%
Kuwejt
59%
Nie znaleziono quizów pasujących do podanych kryteriów
Rozkład punktacji
Procent ludzi z każdym wynikiem
Percentyl według liczby udzielonych odpowiedzi
Twoja historia wyników
Nie rozwiązałeś tego quizu